Textbook of Oral Radiology (Record no. 32304)

MARC details
000 -LEADER
fixed length control field 00371nam a22001577a 4500
003 - CONTROL NUMBER IDENTIFIER
control field SGT
020 ## - INTERNATIONAL STANDARD BOOK NUMBER
International Standard Book Number 9788181914514
082 ## - DEWEY DECIMAL CLASSIFICATION NUMBER
Classification number 617.63
Item number T16S
100 ## - MAIN ENTRY--PERSONAL NAME
Personal name Shivhare, Peeyush
245 ## - TITLE STATEMENT
Title Textbook of Oral Radiology
250 ## - EDITION STATEMENT
Edition statement 1st Ed.
260 ## - PUBLICATION, DISTRIBUTION, ETC. (IMPRINT)
Place of publication, distribution, etc Hyderabad, India
Name of publisher, distributor, etc Paras Medical Publishers
Year of Publication 2016
300 ## - PAGE DESCRIPTION
No. of Pages 244
650 ## - SUBJECT ADDED ENTRY--TOPICAL TERM
Topical term or geographic name as entry element Oral Radiology
942 ## - ADDED ENTRY ELEMENTS (KOHA)
Source of classification or shelving scheme Dewey Decimal Classification
Koha item type Books
Holdings
Withdrawn status Lost status Source of classification or shelving scheme Damaged status Use restrictions Not for loan Home library Current library Shelving location Date acquired SGTU Full call number Accession No. (Barcode) Date last seen Bill Date Koha item type
    Dewey Decimal Classification   Restricted Access Not For Loan SGT Dental Library SGT Dental Library Reference Book 21/08/2025 SGTU 617.63 T16S FD9732 21/08/2025 21/08/2025 Books